00448nam a2200181 a 4500001001300000003000900013005001700022008004100039020001000080082001300090100001900103245003300122260004300155300000900198500003500207505001000242650001400252nice12345678IN_TiNIC20260116012505.0050524s1969 kana grp 000 0 eng  ac10000a330bBHA aBhatnagar, K P aHistory of Economic Thought. aKanpurbKishore Publishing Housec1969 a483p aincludes index and biblioraphy2 aIndex aEconomics